| 000 | 00438nam a2200181Ia 4500 | ||
|---|---|---|---|
| 999 |
_c3429 _d3429 |
||
| 020 | _a0-304-35387-6 | ||
| 082 | _aRR 080 COH-; | ||
| 100 | _aMajor, John | ||
| 245 | 0 | _aHistory in quotations | |
| 260 |
_aLondon _bCassell _c2004 |
||
| 300 | _axxviii, 1008p. | ||
| 504 | _aIncludes index | ||
| 650 | _aHistory - Terminology | ||
| 650 | _aQuotations | ||
| 650 | _aIraq - Quotations, maxims, etc. | ||
| 700 | _aCohen, M.J. | ||
| 942 | _cBK | ||